000 00485nam a2200145 i 4500
001 92559
003 ES-MaACL
007 t|
008 050310s1954 sp ||||1| spa d
100 1 _aLipúzcoa y Urriza, Fernando.
_972520
245 1 0 _aBreviario apologético pastoral
_b: temas de religión demostrada, explanados y resumidos /
_cpor Dr. D. Fernando Lipúzcoa y Urriza.
260 _aPamplona :
_bLibe,
_c1954.
300 _a240 p. ;
_c21 cm.
852 _aES-MaACL
_jC-9636
_bR.37410
999 _c92559
_d92559